Strategy pure and simple: how winning CEOS Outthink their competition
Պահպանված է:
| Հիմնական հեղինակ: | |
|---|---|
| Ձևաչափ: | Գիրք |
| Լեզու: | անգլերեն |
| Հրապարակվել է: |
Nueva York
McGraw-Hill
1993
|
| Խորագրեր: | |
| Ցուցիչներ: |
Ավելացրեք ցուցիչ
Չկան պիտակներ, Եղեք առաջինը, ով նշում է այս գրառումը!
|
MARC
| LEADER | 00000nam a2200000 a 4500 | ||
|---|---|---|---|
| 001 | UCY0604 | ||
| 003 | CL-VaPUC | ||
| 008 | 940808e19930000US |||||||||||||||||eng|d | ||
| 082 | 0 | 4 | |a 658.401 |b ROB |2 21 |
| 100 | 0 | |a Robert, Michel |e author |9 328371 | |
| 245 | 1 | 0 | |a Strategy pure and simple: how winning CEOS Outthink their competition |
| 300 | |a 228 p | ||
| 942 | |c BK | ||
| 945 | |d 19940808 00:00:00 |a mfernand | ||
| 260 | |a Nueva York |b McGraw-Hill |c 1993 | ||
| 650 | 0 | |a Planificación estratégica |9 259735 | |
| 650 | 0 | |a Competencia económica internacional |9 263771 | |
| 650 | 0 | |a Exito en los negocios |9 271740 | |
| 583 | |a last modification |c 19940808 00:00:00 |k Rodrigo Vera | ||
| 999 | |c 229567 |d 229565 | ||
| 952 | |0 0 |1 0 |4 0 |6 658_401000000000000_ROB_1993 |7 0 |8 A |9 230847 |a BIBING |b BIBING |d 2019-11-15 |i 2999811 |o 658.401 ROB 1993 |p 2999811 |r 2025-01-20 |w 2019-11-15 |y BK |k EII | ||